Human body : (Record no. 7041)

MARC details
000 -LEADER
fixed length control field 01025nam a22002777a 4500
001 - CONTROL NUMBER
control field 7041
003 - CONTROL NUMBER IDENTIFIER
control field FISKH
005 - DATE AND TIME OF LATEST TRANSACTION
control field 20250818160727.0
008 - FIXED-LENGTH DATA ELEMENTS--GENERAL INFORMATION
fixed length control field 250619b cb ||||| |||| 00| 0 eng d
020 ## - INTERNATIONAL STANDARD BOOK NUMBER
International Standard Book Number 9781848174702
040 ## - CATALOGING SOURCE
Original cataloging agency FISKH
Language of cataloging eng
Transcribing agency FISKH
Modifying agency FISKH
050 ## - LIBRARY OF CONGRESS CALL NUMBER
Classification number PZ7
082 ## - DEWEY DECIMAL CLASSIFICATION NUMBER
Classification number 612
100 ## - MAIN ENTRY--PERSONAL NAME
Personal name Neale, Kirsty
245 ## - TITLE STATEMENT
Title Human body :
Remainder of title Mini explorers /
Statement of responsibility, etc. Written by : Kirsty Neale ; Illustrated by : Rogers Stewart
260 ## - PUBLICATION, DISTRIBUTION, ETC.
Place of publication, distribution, etc. Sywell :
Name of publisher, distributor, etc. Igloo Book,
Date of publication, distribution, etc. 2009.
300 ## - PHYSICAL DESCRIPTION
Extent 23 pages :
Other physical details color illustrations ;
Dimensions 18 cm
505 ## - FORMATTED CONTENTS NOTE
Formatted contents note G<br/>
520 ## - SUMMARY, ETC.
Summary, etc. Human Body: Fact and Sticker Fun is an engaging and interactive nonfiction activity book designed for young readers (ages 5–7). It introduces children to the amazing systems and parts of the human body in a fun, hands-on way.
521 8# - TARGET AUDIENCE NOTE
Target audience note 340<br/>
Source Lexile <br/>
521 8# - TARGET AUDIENCE NOTE
Target audience note G<br/>
Source Raz-Plus<br/>
650 ## - SUBJECT ADDED ENTRY--TOPICAL TERM
Topical term or geographic name entry element Human Body
Form subdivision Anatomy & Physiology
General subdivision Interactive Kit
700 ## - ADDED ENTRY--PERSONAL NAME
Personal name Stewart, Rogers
Relator term illustrator
942 ## - ADDED ENTRY ELEMENTS (KOHA)
Source of classification or shelving scheme Dewey Decimal Classification
Koha item type Books
Suppress in OPAC No
Holdings
Withdrawn status Lost status Source of classification or shelving scheme Damaged status Not for loan Collection Home library Current library Shelving location Date acquired Total Checkouts Full call number Barcode Date last seen Copy number Price effective from Koha item type
    Dewey Decimal Classification     Khmer-English Bilingual / ភាសាខ្មែរ-អង់គ្លេស Footprints International School Library Network Toul Kork Campus Footprints International School Library Network Toul Kork Campus TK Primary Library Room(4th Floor), Bookcase 7, Shelves 57-60, Dark Green Books 06/19/2025   NEA 612 PZ7 FISTK05206 06/19/2025 1 06/19/2025 Books
    Dewey Decimal Classification     Khmer-English Bilingual / ភាសាខ្មែរ-អង់គ្លេស Footprints International School Library Network Toul Kork Campus Footprints International School Library Network Toul Kork Campus TK Primary Library Room(4th Floor), Bookcase 7, Shelves 57-60, Dark Green Books 08/18/2025   NEA 612 PZ7 2025-4134 08/18/2025 2 08/18/2025 Books